01275nam a2200313Ia 4500001001200000003000800012006001900020007001500039008004100054010001700095020002600112020002300138040002100161035002100182050002600203082001600229245012000245260004900365300005400414504005100468533015200519650004700671650002000718655002900738700002900767700002200796710001700818856012600835ebr10225404CaPaEBRm u cr cn|||||||||070604s2008 njuaf sb 001 0 eng d z 2007023227 z9780470105283 (cloth) z0470105283 (cloth) aCaPaEBRcCaPaEBR a(OCoLC)60862233114aTK7874.8b.M85 2008eb04a620.1/122200aMultiscale simulation methods for nanomaterialsh[electronic resource] /cedited by Richard B. Ross, Sanat Mohanty. aHoboken, N.J. :bWiley-Interscience,cc2008. axiv, 275 p., [8] p. of plates :bill. (some col.) aIncludes bibliographical references and index. aElectronic reproduction.bPalo Alto, Calif. :cebrary,d2009.nAvailable via World Wide Web.nAccess may be limited to ebrary affiliated libraries. 0aMolecular electronicsxSimulation methods. 0aNanotechnology. 7aElectronic books.2local1 aRoss, Richard B.,d1958-1 aMohanty, Sanat S.2 aebrary, Inc.40uhttp://site.ebrary.com/lib/rucke/Doc?id=10225404zAn electronic book accessible through the World Wide Web; click to view